书目信息 |
| 题名: |
李尔王= Ring Lear
|
|
| 作者: | 威廉·莎士比亚著 ;孙大雨 译 | |
| 分册: | ||
| 出版信息: | 上海 生活·读书·新知三联书店上海分 2018.04 |
|
| 页数: | 257页 | |
| 开本: | 20cm | |
| 丛书名: | ||
| 单 册: | ||
| 中图分类: | I515.33 | |
| 科图分类: | ||
| 主题词: | 文学 | |
| 电子资源: | ||
| ISBN: | 978-7-5426-6173-9 | |
| 000 | 00671nam0 2200205 45 | |
| 001 | 1938221605 | |
| 005 | 20190619104021.01 | |
| 010 | @a978-7-5426-6173-9@dRMB 30.00 | |
| 100 | @a20190619d2018 km y0chiy0120 ea | |
| 101 | 0 | @achi |
| 102 | @aCN@b310000 | |
| 200 | 1 | @a李尔王= Ring Lear@Ali er wang=Ring Lear@f(英) 威廉·莎士比亚著 ; 孙大雨译@F(ying)wei lian·sha shi bi ya zhu;sun da yu yi |
| 210 | @a上海@c生活·读书·新知三联书店上海分@d2018.04 | |
| 215 | @a257页@d20cm | |
| 606 | 0 | @a文学 |
| 690 | @aI515.33@v4 | |
| 701 | 0 | @a威廉·莎士比亚著@Awei lian·sha shi bi ya zhu |
| 702 | 0 | @a孙大雨@Asun da yu@4译 |
| 801 | 0 | @aCN@bPFT@c20190619 |
| 905 | @a10447@dI515.33@eL157 | |
| 李尔王= Ring Lear/(英) 威廉·莎士比亚著 ; 孙大雨译.-上海:生活·读书·新知三联书店上海分,2018.04 |
| 257页;20cm |
| ISBN 978-7-5426-6173-9:RMB 30.00 |
| ● |
| 相关链接 |
|
|
|
正题名:李尔王= Ring Lear
索取号:I515.33/L157
 
预约/预借
| 序号 | 登录号 | 条形码 | 馆藏地/架位号 | 状态 | 备注 |
| 1 | 1245500 | 212455001 | 文学库116/116文学库 17排4列2层/ [索取号:I515.33/L157] | 在馆 |